10 Shortest Ye (Kanye West) Songs - Statistics

General Stats
  • This quiz has been taken 13 times
  • The average score is 5 of 11
Answer Stats
Album Duration Song % Correct
Jesus Is King 1:45 Follow God
70%
Donda 1:45 Tell The Vision
60%
Bully 1:27 This A Must
60%
Bully 1:32 Circles
50%
Late Registration 1:44 My Way Home
50%
Bully 1:46 Beauty And The Beast
40%
Bully 1:49 Punch Drunk
40%
Donda 2 1:14 Maintenance
30%
Donda 2 1:41 Broken Road
20%
Donda 2 1:25 Suzy
20%
My Beautiful Dark Twisted Fantasy 1:43 Power (Short Version)
10%
No matching quizzes found
Score Distribution
Percent of People with Each Score
Percentile by Number Answered
Your Score History
You have not taken this quiz